_Analysis of Covariance Albert R. Wildt (Record no. 12979)
[ view plain ]
| 000 -LEADER | |
|---|---|
| fixed length control field | 00385nam a2200133Ia 4500 |
| 008 - FIXED-LENGTH DATA ELEMENTS--GENERAL INFORMATION | |
| fixed length control field | 151021s9999 xx 000 0 und d |
| 020 ## - INTERNATIONAL STANDARD BOOK NUMBER | |
| International Standard Book Number | 803911645 |
| 245 ## - TITLE STATEMENT | |
| Title | _Analysis of Covariance Albert R. Wildt |
| 260 ## - PUBLICATION, DISTRIBUTION, ETC. (IMPRINT) | |
| Place of publication, distribution, etc. | London Sage Publications Inc. 1978 |
| 300 ## - PHYSICAL DESCRIPTION | |
| Extent | 93p. ill. |
| 650 ## - SUBJECT ADDED ENTRY--TOPICAL TERM | |
| Topical term or geographic name as entry element | _Analysis of variance |
| 700 ## - ADDED ENTRY--PERSONAL NAME | |
| Personal name | _Ahtola Olli, T. |
| 980 ## - EQUIVALENCE OR CROSS-REFERENCE-SERIES STATEMENT--PERSONAL NAME/TITLE [LOCAL, CANADA] | |
| Personal name | ^d20130430 01:18:56^oanne |
No items available.